00563nam a22001697a 450000500170000001000150001702000300003203500140006203700130007608200120008910000260010124500710012726000360019827001350023430000210036970000030039020240108153400.0 aENG-138834 a978-93-91399-33-7c700.00 aEN-122366 bDBAD/PUB a370.118 aSJ, Francis P. Xavier aSeeing Everything New Insights on Education/cFrancis P. Xavier SJ aBengalurubATC Publishersc2022 aSt Mary's Block, Archdiocesan Pastoral Center No. 5, Nandi Durga Road, Benson Town,bBengaluruk7090100444minfo@atcpublishers.com a646p.c21cm(pbk)